<?xml version="1.0" encoding="UTF-8"?>
<record
    xmlns:xsi="http://www.w3.org/2001/XMLSchema-instance"
    xsi:schemaLocation="http://www.loc.gov/MARC21/slim http://www.loc.gov/standards/marcxml/schema/MARC21slim.xsd"
    xmlns="http://www.loc.gov/MARC21/slim">

  <leader>00533cam1a220015700 4500</leader>
  <controlfield tag="001">tmp15348785</controlfield>
  <controlfield tag="003">UPRA</controlfield>
  <controlfield tag="005">20190816095432.0</controlfield>
  <datafield tag="035" ind1=" " ind2=" ">
    <subfield code="a">(Sirsi) r125104</subfield>
  </datafield>
  <datafield tag="050" ind1=" " ind2=" ">
    <subfield code="a">PR 2602 JOH 1973</subfield>
  </datafield>
  <controlfield tag="008">950801s1973    enk                deng u</controlfield>
  <datafield tag="100" ind1="1" ind2=" ">
    <subfield code="a">Johnson, Ben.</subfield>
    <subfield code="6">A93326.1</subfield>
  </datafield>
  <datafield tag="245" ind1="1" ind2="0">
    <subfield code="a">Early biographical writings of Dr. Johnson /</subfield>
    <subfield code="c">with an introduction by J.D. Fleeman.</subfield>
  </datafield>
  <datafield tag="260" ind1=" " ind2=" ">
    <subfield code="a">[Farnborough] :</subfield>
    <subfield code="b">Gregg International Pub.,</subfield>
    <subfield code="c">[1973]</subfield>
  </datafield>
  <datafield tag="700" ind1="1" ind2=" ">
    <subfield code="a">Fleeman, J. D. (John David)</subfield>
    <subfield code="q">Fleeman, J. D. (John David)</subfield>
    <subfield code="6">A93327.1</subfield>
  </datafield>
  <datafield tag="999" ind1=" " ind2=" ">
    <subfield code="c">84379</subfield>
    <subfield code="d">84379</subfield>
  </datafield>
</record>
